High School TV Shows by Image Quiz Stats

Quiz Updated Jul 13, 2015

Challenge
Share
Tweet
Score 0/24 Timer 08:00
1 Play Today
% Correct
Glee
98.8%
The Fresh Prince of Bel-Air
91.7%
Happy Days
86.3%
Saved by the Bell
85.3%
Friday Night Lights
83.2%
Buffy the Vampire Slayer
82.3%
Dawson's Creek
79.3%
Beverly Hills, 90210
77.6%
Sister, Sister
73.2%
Sabrina, the Teenage Witch
71.4%
Veronica Mars
67.1%
Pretty Little Liars
64.5%
% Correct
Freaks and Geeks
63.7%
The Wonder Years
62.6%
Gossip Girl
57.9%
Fame
51.7%
Welcome Back, Kotter
51.5%
The Vampire Diaries
51.4%
21 Jump Street
51.2%
The Facts of Life
47%
One Tree Hill
46.9%
Degrassi: The Next Generation
42.6%
My So-Called Life
33%
The Inbetweeners
22.7%

You're not logged in!

Compare scores with friends on all Sporcle quizzes.
Sign Up with Email
OR
Log In

You Might Also Like...

Show Comments

Extras

Top Quizzes Today


Score Distribution

Your Account Isn't Verified!

In order to create a playlist on Sporcle, you need to verify the email address you used during registration. Go to your Sporcle Settings to finish the process.